Mo Yan in Context (Record no. 351628)
[ view plain ]
| 000 -LEADER | |
|---|---|
| fixed length control field | 00494nam a2200133Ia 4500 |
| 008 - FIXED-LENGTH DATA ELEMENTS--GENERAL INFORMATION | |
| fixed length control field | 171212s9999 xx 000 0 und d |
| 020 ## - INTERNATIONAL STANDARD BOOK NUMBER | |
| International Standard Book Number | 9781557536815 |
| 245 ## - TITLE STATEMENT | |
| Statement of responsibility, etc | editor Duran, Angelica;Huang, Yuhan |
| Title | Mo Yan in Context |
| Remainder of title | Nobel Laureate and Global Storyteller |
| 260 ## - PUBLICATION, DISTRIBUTION, ETC. (IMPRINT) | |
| Name of publisher, distributor, etc | Purdue University Press |
| Date of publication, distribution, etc | 2014 |
| 440 ## - SERIES STATEMENT/ADDED ENTRY--TITLE | |
| Title | Comparative Cultural Studies |
| 650 ## - SUBJECT ADDED ENTRY--TOPICAL TERM | |
| Topical term or geographic name as entry element | Language & Literature |
| 650 ## - SUBJECT ADDED ENTRY--TOPICAL TERM | |
| Topical term or geographic name as entry element | Mo, Yan, 1955- -- Criticism and interpretation |
| 856 ## - ELECTRONIC LOCATION AND ACCESS | |
| Uniform Resource Identifier | <a href="http://jstor.org/stable/j.ctt6wq1tk">http://jstor.org/stable/j.ctt6wq1tk</a> |
| Withdrawn status | Lost status | Damaged status | Home library | Current library | Date acquired | Total Checkouts | Full call number | Date last seen | Price effective from | Koha item type |
|---|---|---|---|---|---|---|---|---|---|---|
| College Library | College Library | 12/12/2017 | PL2886.O1684Z74 2014 | 12/12/2017 | 12/12/2017 | Curriculum - Based eBooks |